| 000 | 03521nam0a2200445 4500 | ||
|---|---|---|---|
| 001 | RU\NLR\BIBL_A\011352359 | ||
| 005 | 20241115072233.0 | ||
| 010 |
_a9785992609691 _9100 |
||
| 021 |
_aRU _b2017-13118 _9965 |
||
| 035 | _a(RuMoRGB)008807994 | ||
| 035 | _a(NLR Aleph) 011352359 | ||
| 090 |
_a11252156 _c11252156 |
||
| 100 | _a20170323d2016 km y0rusy50 ca | ||
| 101 | 0 | _arus | |
| 102 | _aRU | ||
| 105 | _aa z 100zy | ||
| 200 | 1 |
_aКомплексный подход к сопровождению семей, воспитывающих детей с расстройствами аутистического спектра _eматериалы Научно-практической конференции с международным участием, г. Астрахань, 30 сентября - 1 октября 2016 г. _f[редакционная коллегия: Н. Ю. Сязина (гл. ред.) и др.] |
|
| 210 |
_aАстрахань _cАстраханский университет _d2016 |
||
| 215 |
_a107 с. _cил. _d21 |
||
| 300 | _aВ надзаг.: Минобрнауки России, Федер. гос. бюджет. образоват. учреждение высш. образования "Астраханский гос. ун-т", М-во социального развития и труда Астраханской обл., Гос. автоном. учреждение Астраханской обл. "Научно-практ. центр реабилитации детей "Коррекция и развитие", Федер. ресурсный центр по орг. комплексного сопровождения детей с расстройствами аутистического спектра, Фонд поддержки детей, попавших в трудную жизненную ситуацию | ||
| 320 | _aБиблиогр. в конце ст. | ||
| 606 | 1 |
_aСемьи, воспитывающие детей с ограниченными возможностями здоровья _jСъезды, совещания и т.п _xПедагогическая поддержка _92105109 _3RU\NLR\AUTH\661576378 |
|
| 606 | 1 |
_aДети с аутизмом _jСъезды, совещания и т.п _xВоспитание в семье _92617017 _3RU\NLR\AUTH\661553577 |
|
| 606 |
_aАутизм детей _jСъезды, совещания и т.п _92120996 _3RU\NLR\AUTH\661280765 |
||
| 606 |
_aАутизм детей _jСъезды, совещания и т.п _xПсихологические исследования _92168945 _3RU\NLR\AUTH\661304838 |
||
| 686 |
_aЧ439.5я431(0) _2rubbk |
||
| 686 |
_aЮ948.45-734я431(0) _2rubbk |
||
| 686 |
_aЧ491,6(2)08я431(0) _2rubbk |
||
| 686 |
_aР733.645.090я431(0) _2rubbk |
||
| 686 | 1 | _aЮ948.45-734я431 | |
| 686 | 1 | _aР733.64-325я431(0) | |
| 686 | 1 | _aЧ491.95я431 | |
| 686 | 1 | _aЧ491.08я431 | |
| 702 | 1 |
_aСязина _bН. Ю. _gНаталья Юрьевна _4340 |
|
| 711 | 1 | 2 |
_a"Комплексный подход к сопровождению семей, воспитывающих детей с расстройствами аутистического спектра", научно-практическая конференция с международным участием _eАстрахань _f2016 _9553223 _3RU\NLR\AUTH\880444733 |
| 942 | _cBOOK | ||
| 980 | _aNBR | ||